| 000 | 00681nac a22001691u 4500 | ||
|---|---|---|---|
| 020 | _a0273683748 | ||
| 082 |
_a330.015195 _bV879 |
||
| 090 |
_c2356 _d2356 |
||
| 100 | _aVogelvang, Ben | ||
| 245 |
_aEconometrics : _b theory and applications with EViews / _c Ben Vogelvang |
||
| 260 |
_aHarlow : _b Pearson Addison Wesley,2005 _c2005. |
||
| 300 |
_axvi,363 p. : _bill. ; _c24 cm. |
||
| 504 | _aIncludes bibliographical references and index. | ||
| 610 | _aEconometrics. | ||
| 942 |
_cBB _k330.015195 V879 |
||
| 999 |
_c2356 _d2356 |
||